Statistics for Största städer i Finland • A-Ö

Click here to take the quiz!

General Stats

  • This quiz has been taken 228 times
  • The average score is 9 of 22

Answer Stats

#befolkningFinsk Stad% Correct
H655 281Helsingfors
98%
Å191 603Åbo
86%
T238 420Tammerfors
84%
U203 750Uleåborg
76%
E290 200Esbo
73%
B83 905Björneborg
65%
V233 383Vanda
62%
J142 477Jyväskylä
58%
R63 128Rovaniemi
54%
L119 917Lahtis
52%
K119 379Kuopio
42%
M11 775Mariehamn
35%
S63 834Seinäjoki
24%
G9 559Grankulla
21%
Ä18 759Äänekoski
20%
I26 509Imatra
20%
F20 280Fredrikshamn
18%
A16 476Ackas
13%
N33 580Nyslott
13%
Y33 216Ylöjärvi
13%
O16 103Orimattila
4%
P17 909Pieksämäki
2%

Score Distribution

Percentile by Number Answered

Percent of People with Each Score

Your Score History

You have not taken this quiz